Finanční gramotnost výpočty v Excelu
Saved in:
| Main Author: | |
|---|---|
| Format: | Book |
| Language: | Czech |
| Published: |
Praha
Wolters Kluwer ČR
2014
|
| Series: | Řízení školy
|
| Subjects: | |
| Tags: |
No Tags, Be the first to tag this record!
|
MARC
| LEADER | 00000nam a2200000 4500 | ||
|---|---|---|---|
| 001 | 0223902 | ||
| 005 | 20240313132907.8 | ||
| 020 | |a 978-80-7478-483-5 | ||
| 041 | 0 | |a cze | |
| 044 | |a CZ | ||
| 245 | 1 | 0 | |a Finanční gramotnost |b výpočty v Excelu |c Zbyněk Bárta |
| 264 | 1 | |a Praha |b Wolters Kluwer ČR |c 2014 | |
| 490 | 1 | |a Řízení školy | |
| 830 | 0 | |a Řízení školy | |
| 610 | 2 | 0 | |a gramotnosť finančná |
| 610 | 2 | 0 | |a programy počítačové |
| 610 | 2 | 0 | |a inflácia |
| 610 | 2 | 0 | |a financie osobné |
| 610 | 2 | 0 | |a rozpočet rodinný |
| 610 | 2 | 0 | |a rozhodovanie |
| 610 | 2 | 0 | |a rozhodovanie strategické |
| 610 | 2 | 0 | |a pôžičky |
| 610 | 2 | 0 | |a hodnota |
| 610 | 2 | 0 | |a peniaze |
| 610 | 2 | 0 | |a náklady |
| 610 | 2 | 0 | |a sporenie obyvateľstva |
| 610 | 2 | 0 | |a investovanie |
| 100 | 1 | |a Bárta, Zbyněk | |